000 00659nam a2200205Ia 4500
008 191130s1995##################000#0#eng##
020 _a9780486283647
022 _a94042767
040 _aACL
_cACL
082 _a720.92 HOF
100 _aHoffmann, Donald
245 _aUnderstanding frank Lloyd Wright's architecture
_cDonald Hoffmann
260 _aMineola, NY
_bDover Publications
_c1995
300 _ax, 102 p. : ill. ; 28 cm
500 _aIncludes bibliographical references and index
650 _aWright, Frank Lloyd, 1867-1959 - Criticism and interpretation
990 _a5a2473aaac10000c064e4a3f383a0948
991 _a302397
999 _c85574
_d85574